Slovensko a jeho literárny život

Bibliographic Details
Main Author: Krčméry, Štefan, 1892-1955 (Author)
Format: Article
Language:Slovak
ISSN:1335-7786
Subjects:

MARC

LEADER 00000nab a2200000 a 4500
001 vtls008838870
003 SK-MaSNL
005 20260305021927.0
008 131021c2006 xo mr|p|||||||000 b|slo
015 |a SNBRB2006/08  |2 snkbucl 
038 |a SNKBUCL 
040 |a SNKBUCL  |b slo  |c SNKBUCL  |e AACR2 
041 0 |a slo 
044 |a xo  |c SK 
080 |a 82(091):821.162.4"19"  |2 1997 
080 |a 821.162.4  |x (091)  |x "19"  |2 1997 
100 1 |a Krčméry, Štefan,  |d 1892-1955  |4 aut  |9 5358 
245 1 0 |a Slovensko a jeho literárny život  |c Štefan Krčméry 
500 |a Datované (1922) 
650 0 7 |a slovenská literatúra  |2 snkbucl  |9 1115 
650 0 7 |a literárna história  |2 snkbucl  |9 1136 
773 0 |t Slovenské pohľady  |g Roč. IV.+122., č. 6 (2006), s. 6-7  |x 1335-7786 
852 |a SNK  |b KIS3GCP 
958 |a LX 
958 |a SK 
999 |c 3288366  |d 3290296